[Event "Karnevals-Open"]
[Site "Solingen"]
[Date "2012.02.18"]
[Round "2.19"]
[White "Besel, Waldemar"]
[Black "Hollender, Christoph"]
[Result "1-0"]
[WhiteElo "2076"]
[BlackElo "1831"]
[PlyCount "79"]
[EventDate "2012.??.??"]
[WhiteTeam "SV Betzdorf-Kirchen"]
[BlackTeam "SV Blau-Weiß Concordia 07/24 Vie"]

1. Nf3 Nf6 2. c4 g6 3. g3 Bg7 4. Bg2 O-O 5. O-O c5 6. Nc3 Nc6 7. d4 cxd4 8.
Nxd4 Nxd4 9. Qxd4 d6 10. Qd3 a6 11. h3 Qc7 12. Bd2 Bd7 13. Rac1 Rac8 14. b3 Qb8
15. a4 Bc6 16. e4 Nd7 17. Rb1 Nc5 18. Qe2 b6 19. Kh2 Rc7 20. f4 Rb7 21. h4 b5
22. cxb5 axb5 23. axb5 Bxb5 24. Nxb5 Rxb5 25. b4 Na4 26. Rfc1 e6 27. Qd1 Nb2
28. Qb3 Rc8 29. Rxc8+ Qxc8 30. Rxb2 Bxb2 31. Qxb2 Qc4 32. Qc3 Qxc3 33. Bxc3 d5
34. exd5 exd5 35. Bf1 Rb7 36. b5 Kf8 37. Bd4 Ke7 38. b6 f6 39. Ba6 Rb8 40. b7
1-0

[Event "Karnevals-Open"]
[Site "Solingen"]
[Date "2012.02.18"]
[Round "2.20"]
[White "Schmidt, Kai-Uwe"]
[Black "Rieger, Isabelle"]
[Result "1-0"]
[WhiteElo "2031"]
[BlackElo "1662"]
[PlyCount "37"]
[EventDate "2012.??.??"]
[WhiteTeam "Klub Kölner SF e.V. 1"]
[BlackTeam "SV Fideler Bauer Lever"]

1. d4 Nf6 2. c4 g6 3. Nc3 Bg7 4. e4 d6 5. Be2 O-O 6. Bg5 Nc6 7. d5 Ne5 8. Nf3
Ned7 9. h3 a5 10. Qc2 Nc5 11. Nd2 h6 12. Be3 Nfd7 13. Nb3 Nxb3 14. axb3 b6 15.
b4 g5 16. h4 e6 17. hxg5 hxg5 18. e5 f5 19. exd6 1-0

[Event "Karnevals-Open"]
[Site "Solingen"]
[Date "2012.02.18"]
[Round "2.21"]
[White "Schulz, Wilhelm"]
[Black "Rist, Kurt"]
[Result "1-0"]
[WhiteElo "2215"]
[BlackElo "1662"]
[PlyCount "107"]
[EventDate "2012.??.??"]
[WhiteTeam "SV Horrem 1948"]
[BlackTeam "Schachgesellschaft Solingen e.V."]

1. e4 c5 2. c3 Nc6 3. d4 e6 4. Nf3 d5 5. e5 a6 6. a3 Bd7 7. b4 b6 8. Bd3 h6 9.
O-O Qc7 10. Re1 cxd4 11. cxd4 Qa7 12. Nbd2 Rc8 13. Bb2 Nge7 14. Qe2 b5 15. Nb3
g5 16. Nc5 Bg7 17. Rac1 O-O 18. Bb1 Nd8 19. Qd3 Ng6 20. h4 gxh4 21. Nxh4 Be8
22. Qg3 Nxh4 23. Qxh4 Nc6 24. Rc3 Ne7 25. Rg3 Ng6 26. Qg4 Rc6 27. Bc1 Qe7 28.
Qh5 Kh7 29. Bxh6 Bxh6 30. Rh3 Rh8 31. Qxh6+ Kg8 32. Qe3 Rxh3 33. Qxh3 Qh4 34.
Bxg6 Qxh3 35. Bxf7+ Bxf7 36. gxh3 Bh5 37. Re3 Kf7 38. Rg3 Bg6 39. Kg2 Rc8 40.
Rg5 Bf5 41. Kg3 Rh8 42. h4 Ra8 43. Nb7 Kf8 44. Kf4 Bh3 45. h5 Ra7 46. Nd6 Rc7
47. Rg3 Bf1 48. Kg5 Rc2 49. Rf3+ Kg8 50. Kf6 Be2 51. Rg3+ Kf8 52. h6 Bd1 53. h7
Rxf2+ 54. Kxe6 1-0

[Event "Karnevals-Open"]
[Site "Solingen"]
[Date "2012.02.18"]
[Round "2.22"]
[White "Grothues-Lay, Kay"]
[Black "Görke, Joachim"]
[Result "1/2-1/2"]
[WhiteElo "1783"]
[BlackElo "2167"]
[PlyCount "92"]
[EventDate "2012.??.??"]
[WhiteTeam "SV Erftstadt e.V."]
[BlackTeam "Schachgesellschaft Solingen e.V."]

1. d4 e6 2. f4 d5 3. Nf3 Nf6 4. e3 c5 5. c3 Nc6 6. Bd3 a6 7. a4 c4 8. Bc2 Bd7
9. Nbd2 Bd6 10. O-O Ng4 11. Qe2 f5 12. Ne5 Bxe5 13. fxe5 O-O 14. Nf3 Be8 15. b3
b5 16. Ba3 Rf7 17. Bc5 Na5 18. b4 Nb7 19. h3 Nh6 20. Ra2 Nxc5 21. bxc5 Rb7 22.
Rb1 Rab8 23. axb5 axb5 24. Rb4 Ra8 25. Rbb2 Rba7 26. Bb1 Ra3 27. Qc2 g5 28. Ne1
g4 29. Qd2 Qg5 30. Kh2 R3a7 31. Qf2 Rg7 32. Qf4 Qxf4+ 33. exf4 Rga7 34. Nc2
gxh3 35. gxh3 Nf7 36. Nb4 Nd8 37. Rxa7 Rxa7 38. Ra2 Rxa2+ 39. Bxa2 Kf7 40. Bb1
Ke7 41. Bc2 Kd7 42. Bd1 Kc7 43. Kg3 Nb7 44. Kf2 Na5 45. Ke3 Nc6 46. Be2 Nxb4
1/2-1/2

[Event "Karnevals-Open"]
[Site "Solingen"]
[Date "2012.02.18"]
[Round "2.23"]
[White "Porstmann, Jan"]
[Black "Hobusch, Jan"]
[Result "0-1"]
[WhiteElo "1632"]
[BlackElo "2036"]
[PlyCount "110"]
[EventDate "2012.??.??"]
[WhiteTeam "SG Solingen e.V."]
[BlackTeam "SG Solingen e.V."]

1. e4 c6 2. d4 d5 3. Nc3 b5 4. a3 dxe4 5. Nxe4 Bf5 6. Qf3 Bxe4 7. Qxe4 Nf6 8.
Qf3 e6 9. Be3 Be7 10. Bd3 a6 11. Nh3 Nd5 12. O-O Nd7 13. c4 bxc4 14. Bxc4 O-O
15. Bd3 N7f6 16. Ng5 h6 17. Ne4 Qd7 18. Rac1 Rfc8 19. Rc2 Nxe4 20. Qxe4 Nf6 21.
Qf3 c5 22. Rfc1 cxd4 23. Bxd4 Rd8 24. Rc4 Nd5 25. Qg3 Bf6 26. Bxf6 Nxf6 27. Be2
Rac8 28. Rxc8 Rxc8 29. Rxc8+ Qxc8 30. Qc3 Qxc3 31. bxc3 a5 32. Kf1 Kf8 33. Ke1
Ke7 34. c4 Kd6 35. Kd2 Kc5 36. Ke3 Ne8 37. Kd3 Nd6 38. Kc3 f5 39. f3 f4 40. Bd3
g5 41. Kb3 Kd4 42. Bf1 e5 43. Ka4 Nxc4 44. Bxc4 Kxc4 45. Kxa5 e4 46. fxe4 g4
47. e5 Kd5 48. Kb6 f3 49. e6 Kxe6 50. gxf3 gxf3 51. a4 f2 52. a5 f1=Q 53. a6
Qf2+ 54. Kb7 Qxh2 55. a7 Qa2 0-1

[Event "Karnevals-Open"]
[Site "Solingen"]
[Date "2012.02.18"]
[Round "2.24"]
[White "Gröne, Lars"]
[Black "Boschek, Dr. Hans-Joachim"]
[Result "1/2-1/2"]
[WhiteElo "1894"]
[BlackElo "1900"]
[PlyCount "66"]
[EventDate "2012.??.??"]
[WhiteTeam "SVG Salzgitter e.V."]
[BlackTeam "SV 1922 Hilden"]

1. d4 Nf6 2. c4 e6 3. Nc3 d5 4. cxd5 exd5 5. Bg5 Be7 6. e3 c6 7. Qc2 Nbd7 8.
Bd3 O-O 9. Nge2 Re8 10. f3 h6 11. Bh4 c5 12. Qd2 cxd4 13. exd4 Nb6 14. b3 Bd7
15. O-O Qc8 16. Rac1 Qd8 17. Nb5 Bc6 18. Bg3 Rf8 19. Rfe1 Qd7 20. a4 a6 21.
Nbc3 Rae8 22. Be5 Qd8 23. Nd1 Nbd7 24. Bg3 Nh5 25. Bxa6 Nxg3 26. hxg3 Qb6 27.
Bb5 Bxb5 28. axb5 Qxb5 29. Qb2 Bb4 30. Ndc3 Qd3 31. Red1 Qe3+ 32. Kf1 Nf6 33.
Nf4 Bxc3 1/2-1/2

[Event "Karnevals-Open"]
[Site "Solingen"]
[Date "2012.02.18"]
[Round "2.25"]
[White "Runte, Dirk"]
[Black "Lasschuit, René"]
[Result "0-1"]
[WhiteElo "1576"]
[BlackElo "1873"]
[PlyCount "64"]
[EventDate "2012.??.??"]
[WhiteTeam "SF Schlebusch"]

1. e4 Nf6 2. e5 Nd5 3. d4 d6 4. c4 Nb6 5. Nf3 dxe5 6. Nxe5 N8d7 7. Nxf7 Kxf7 8.
c5 Nd5 9. Qh5+ g6 10. Qxd5+ e6 11. Bg5 exd5 12. Bxd8 Bxc5 13. dxc5 Rxd8 14. Nc3
Nxc5 15. O-O-O c6 16. Be2 Bf5 17. g4 Be6 18. b4 Ne4 19. Kb2 Kg7 20. Nxe4 dxe4
21. a3 Bd5 22. Rd4 Rf8 23. Rf1 Rae8 24. Bc4 Bxc4 25. Rxc4 Rf4 26. Rd4 Re7 27.
f3 Ref7 28. Kc2 exf3 29. Rxf4 Rxf4 30. h3 Kf6 31. Kd3 Kg5 32. Ke3 f2 0-1

[Event "Karnevals-Open"]
[Site "Solingen"]
[Date "2012.02.18"]
[Round "2.26"]
[White "Reksten, Daniel"]
[Black "Surguchov, Alexander"]
[Result "1/2-1/2"]
[WhiteElo "1857"]
[BlackElo "1640"]
[PlyCount "42"]
[EventDate "2012.??.??"]
[WhiteTeam "SG Solingen e.V."]
[BlackTeam "Verein f. Sport u. Freizeit v. 1"]

1. d4 e6 2. c4 f5 3. Nc3 Nf6 4. Nf3 d5 5. Bf4 c6 6. e3 Be7 7. Ne5 O-O 8. Bd3
Bd6 9. h3 Ne4 10. O-O Bxe5 11. Bxe5 Nd7 12. Bf4 g5 13. Bh2 Ndf6 14. f3 Nxc3 15.
bxc3 Qe7 16. Qe2 Qg7 17. Be5 Qh6 18. e4 f4 19. cxd5 exd5 20. Bxf6 Qxf6 21. Qb2
h5 1/2-1/2

[Event "Karnevals-Open"]
[Site "Solingen"]
[Date "2012.02.18"]
[Round "2.27"]
[White "Rameker, Robert"]
[Black "Imcke, Patrick"]
[Result "0-1"]
[WhiteElo "1405"]
[BlackElo "1854"]
[PlyCount "34"]
[EventDate "2012.??.??"]
[WhiteTeam "SF Moers e.V."]
[BlackTeam "Sportfreunde Katernberg 1913 e.V"]

1. d4 Nf6 2. c4 g6 3. Nc3 d5 4. Bf4 Bg7 5. e3 O-O 6. Rc1 Nc6 7. cxd5 Nxd5 8.
Nxd5 Qxd5 9. Bxc7 Qxa2 10. Qd2 Be6 11. Nf3 Rac8 12. Bf4 Na5 13. Rxc8 Rxc8 14.
Be2 Nb3 15. Qd3 Rc1+ 16. Bd1 Bc4 17. Qe4 Qa5+ 0-1

[Event "Karnevals-Open"]
[Site "Solingen"]
[Date "2012.02.18"]
[Round "2.28"]
[White "Vranidis, Athanassios"]
[Black "Özlügedik, Mustafa"]
[Result "1-0"]
[WhiteElo "1845"]
[BlackElo "1586"]
[PlyCount "53"]
[EventDate "2012.??.??"]
[WhiteTeam "SG Solingen e.V."]
[BlackTeam "Ohligser Turnverein 1888 e.V."]

1. d4 d5 2. c4 e6 3. Nc3 Be7 4. Nf3 Nf6 5. Bg5 Nbd7 6. cxd5 exd5 7. e3 O-O 8.
Bd3 Re8 9. Qc2 c6 10. O-O Nf8 11. Rae1 Ne4 12. Bxe7 Qxe7 13. Bxe4 dxe4 14. Nd2
f5 15. f3 exf3 16. Nxf3 Be6 17. e4 fxe4 18. Rxe4 h6 19. Kh1 Qd6 20. Rfe1 Kh8
21. Qe2 Kh7 22. Re5 Bf7 23. Ne4 Qd8 24. Rxe8 Qxe8 25. Qd3 Kh8 26. Nd6 Qd7 27.
Ne5 1-0

[Event "Karnevals-Open"]
[Site "Solingen"]
[Date "2012.02.18"]
[Round "2.29"]
[White "Peter, Laurenz"]
[Black "Becker, Carsten"]
[Result "1-0"]
[WhiteElo "1826"]
[BlackElo "1559"]
[PlyCount "41"]
[EventDate "2012.??.??"]
[WhiteTeam "Sportgemeinschaft Kaarst 1912/35"]
[BlackTeam "Stift. Bahn-Sozialwerk Schachgr."]

1. d4 d5 2. Nf3 e6 3. c4 c5 4. cxd5 exd5 5. dxc5 Nc6 6. g3 Bxc5 7. Bg2 Nf6 8.
O-O O-O 9. Qc2 Qb6 10. Nc3 Nb4 11. Qb3 d4 12. Na4 Qd6 13. Bf4 Qe7 14. Nxc5 Qxc5
15. Rac1 Qe7 16. Nxd4 Na6 17. Bf3 Nc5 18. Qa3 Nfe4 19. Bxe4 Qxe4 20. Qxc5 Bh3
21. f3 1-0

[Event "Karnevals-Open"]
[Site "Solingen"]
[Date "2012.02.18"]
[Round "2.30"]
[White "Tiemann, Steffen"]
[Black "Grasse, Herbert"]
[Result "0-1"]
[WhiteElo "1283"]
[BlackElo "1805"]
[PlyCount "60"]
[EventDate "2012.??.??"]
[WhiteTeam "SC Bocholt 1926 e.V."]
[BlackTeam "SV Kamen 1930"]

1. e4 c5 2. Nf3 e6 3. Nc3 Nc6 4. Bb5 Qb6 5. O-O Nd4 6. Bd3 Ne7 7. Nxd4 cxd4 8.
Ne2 Nc6 9. c3 Ne5 10. Bc2 d3 11. Nd4 dxc2 12. Qxc2 Bc5 13. Ne2 Nc6 14. d4 Be7
15. Be3 d5 16. e5 Bd7 17. Rab1 Rc8 18. f4 O-O 19. Ng3 Rc7 20. f5 Nxe5 21. Bf4
Bd6 22. Kh1 Nc4 23. f6 e5 24. fxg7 Re8 25. Bh6 exd4 26. Nh5 Be5 27. Qf2 Bg4 28.
Qh4 Bxh5 29. Qxh5 Qg6 30. Qxg6 hxg6 0-1

[Event "Karnevals-Open"]
[Site "Solingen"]
[Date "2012.02.18"]
[Round "2.31"]
[White "Der, Josef"]
[Black "Maj, Kornel"]
[Result "0-1"]
[WhiteElo "1798"]
[BlackElo "1441"]
[PlyCount "131"]
[EventDate "2012.??.??"]
[WhiteTeam "Düsseldorfer SK 14/25 e."]
[BlackTeam "Elberfelder SG"]

1. f4 d5 2. Nf3 Nf6 3. e3 e6 4. c4 Be7 5. Be2 O-O 6. O-O c5 7. d4 cxd4 8. exd4
dxc4 9. Bxc4 a6 10. a4 b6 11. Nc3 Bb7 12. Ne5 Nc6 13. Be3 Rc8 14. Ba2 Nb4 15.
Bb3 Nbd5 16. Bd2 Ba8 17. Qe1 Bd6 18. Qe2 Bb7 19. Rac1 Nxc3 20. Bxc3 Qe7 21. Bc2
Bb4 22. g4 a5 23. g5 Nd5 24. Bxb4 Nxb4 25. Bb1 Qd6 26. Qe3 Qd5 27. Nf3 Rxc1 28.
Qxc1 Rc8 29. Qd1 g6 30. Kf2 Rd8 31. Kg3 Rd7 32. Rf2 Na6 33. Rd2 Nc7 34. Ne5 Rd8
35. Ng4 Ne8 36. Qe2 Kg7 37. h4 Nd6 38. Qe5+ Qxe5 39. Nxe5 Be4 40. Ba2 Nf5+ 41.
Kf2 Nxh4 42. Ke3 Bd5 43. b3 Ng2+ 44. Kf2 Nxf4 45. Kg3 Nh5+ 46. Kg4 f6 47. gxf6+
Nxf6+ 48. Kh3 Ne4 49. Rc2 Kf6 50. Rc7 Ng5+ 51. Kg4 Bxb3 52. Nd7+ Rxd7 53. Rxd7
Bxa2 54. Rb7 h5+ 55. Kf4 h4 56. Rxb6 h3 57. Rb2 Bd5 58. Kg3 Bg2 59. Rf2+ Nf3
60. Ra2 Nxd4 61. Rf2+ Nf3 62. Ra2 Ke5 63. Rc2 Kd4 64. Rc6 e5 65. Rxg6 Ke3 66.
Ra6 {und später} 0-1

[Event "Karnevals-Open"]
[Site "Solingen"]
[Date "2012.02.18"]
[Round "2.32"]
[White "Barche, Uwe"]
[Black "Sloka, Andreas"]
[Result "0-1"]
[WhiteElo "1061"]
[BlackElo "1796"]
[PlyCount "116"]
[EventDate "2012.??.??"]
[WhiteTeam "SG Solingen e.V."]
[BlackTeam "Krefelder SK Turm 1851 e"]

1. c4 Nf6 2. g3 c5 3. Nf3 Nc6 4. Bg2 g6 5. O-O Bg7 6. Nc3 O-O 7. a3 d6 8. d3 a6
9. Rb1 Bf5 10. Re1 Qc8 11. Na4 Rb8 12. Ng5 b5 13. cxb5 axb5 14. Nc3 h6 15. Nge4
Kh7 16. h4 Be6 17. Bf4 Nd4 18. Nxd6 exd6 19. Bxd6 Bb3 20. Qd2 Rd8 21. Bxb8 Qxb8
22. Ne4 Ng4 23. Nxc5 Bd5 24. e4 Ba8 25. Qf4 Ne5 26. Rbc1 Qd6 27. b4 h5 28. g4
hxg4 29. Qg3 Nef3+ 30. Kh1 Nxe1 31. Qxd6 Rxd6 32. Rxe1 Be5 33. Rf1 Ne2 34. Rd1
Nd4 35. a4 bxa4 36. Nxa4 Ra6 37. Nc5 Ra2 38. Nd7 Bg7 39. Rf1 Rb2 40. f3 gxf3
41. Bxf3 Bc6 42. Nc5 Rxb4 43. Kg1 Nxf3+ 44. Rxf3 Bd4+ 45. Kf1 Rb1+ 46. Ke2 Rb2+
47. Kd1 Bxc5 48. Rxf7+ Kg8 49. Rc7 Ba4+ 50. Ke1 Bf2+ 51. Kf1 Bxh4 52. Rc8+ Kg7
53. Rc7+ Kf6 54. Rh7 g5 55. Rh6+ Ke5 56. Ra6 Bb5 57. Ra3 Kd4 58. Ra5 Bxd3+ 0-1

[Event "Karnevals-Open"]
[Site "Solingen"]
[Date "2012.02.18"]
[Round "2.33"]
[White "Westendorp, Christian"]
[Black "Seeger, Simon"]
[Result "1-0"]
[WhiteElo "1784"]
[BlackElo "1371"]
[PlyCount "93"]
[EventDate "2012.??.??"]
[WhiteTeam "TUS 08 Rheinberg e.V."]
[BlackTeam "SV Betzdorf-Kirchen"]

1. e4 c5 2. c3 Nc6 3. d4 d6 4. dxc5 dxc5 5. Qxd8+ Nxd8 6. Bb5+ Nc6 7. Nf3 Bd7
8. O-O a6 9. Bc4 b5 10. Bb3 c4 11. Bc2 e5 12. b4 a5 13. Na3 axb4 14. Nxb5 Rc8
15. Ba4 Nf6 16. cxb4 Bxb4 17. Bd2 Bxd2 18. Nxd2 O-O 19. Nd6 Rc7 20. N2xc4 Nd4
21. Bxd7 Nxd7 22. a4 Nb3 23. Ra3 Nbc5 24. a5 Nxe4 25. a6 Nxd6 26. Nxd6 Ra7 27.
Nb5 Raa8 28. a7 Nb6 29. Rc1 Rac8 30. Rc7 Rxc7 31. Nxc7 Na8 32. Nxa8 Rxa8 33. f3
Kf8 34. Kf2 Ke7 35. Ke3 Kd7 36. Ke4 f6 37. g4 g6 38. g5 fxg5 39. Kxe5 Re8+ 40.
Kd5 Ra8 41. Ke5 Re8+ 42. Kf6 Ra8 43. Kxg5 Ke6 44. Kh6 Kf6 45. Ra6+ Kf7 46. Kxh7
g5 47. Rg6 1-0

[Event "Karnevals-Open"]
[Site "Solingen"]
[Date "2012.02.18"]
[Round "2.34"]
[White "Möller, Laura"]
[Black "Reinacher, Detlev"]
[Result "0-1"]
[WhiteElo "963"]
[BlackElo "1748"]
[PlyCount "58"]
[EventDate "2012.??.??"]
[WhiteTeam "SG Solingen e.V."]
[BlackTeam "SC Hansa Dortmund e.V."]

1. c4 Nf6 2. Nc3 g6 3. g3 Bg7 4. Bg2 d6 5. d4 c6 6. Be3 Nbd7 7. Nh3 a6 8. O-O
O-O 9. Ng5 Qc7 10. d5 c5 11. f4 Nb6 12. b3 Ng4 13. Qd2 Nxe3 14. Rfe1 h6 15. Nf3
Nxg2 16. Kxg2 e6 17. Rac1 Bd7 18. e4 Nc8 19. e5 b5 20. cxb5 axb5 21. Ne4 exd5
22. Qxd5 Rxa2+ 23. Kf1 Bc6 24. Qd3 Bxe4 25. Qxe4 dxe5 26. fxe5 Re8 27. Qb1 Qa7
28. Qd3 c4 29. bxc4 Qf2# 0-1

[Event "Karnevals-Open"]
[Site "Solingen"]
[Date "2012.02.18"]
[Round "2.35"]
[White "Backes, Jürgen"]
[Black "Nguyen, Gia Huy Philipp"]
[Result "1-0"]
[WhiteElo "1739"]
[BlackElo "1222"]
[PlyCount "111"]
[EventDate "2012.??.??"]
[WhiteTeam "vereinslos"]
[BlackTeam "SG Solingen e.V."]

1. d4 Nf6 2. c4 g6 3. g3 Bg7 4. Bg2 d6 5. Nf3 O-O 6. Nc3 c5 7. O-O Na6 8. e4
cxd4 9. Nxd4 Nc5 10. b4 Ne6 11. Be3 a6 12. h3 Rb8 13. Rc1 Qc7 14. Nd5 Qd8 15.
Nxe6 Bxe6 16. Bb6 Qd7 17. Kh2 Rbc8 18. Bd4 Qd8 19. Qd3 h6 20. a4 Nxd5 21. cxd5
Bd7 22. Bxg7 Kxg7 23. Qd4+ f6 24. a5 Bb5 25. Rfe1 Rc7 26. Qb6 Rxc1 27. Qxd8
Rxd8 28. Rxc1 g5 29. Rc7 Rd7 30. Rc8 Kf7 31. f4 Kg7 32. Bf3 b6 33. Bg4 Rb7 34.
Be6 Bd7 35. Bxd7 Rxd7 36. axb6 Rb7 37. Rc6 Kf7 38. f5 Ke8 39. Kg2 h5 40. Kf2
Kd7 41. Ke3 Kd8 42. Kd3 Rb8 43. Kc4 g4 44. h4 Rb7 45. b5 a5 46. Kb3 a4+ 47.
Kxa4 Rb8 48. Kb4 Kd7 49. Rc7+ Kd8 50. Ka5 Ra8+ 51. Ra7 Rb8 52. Ka6 Kc8 53. Rxe7
Ra8+ 54. Ra7 Rb8 55. Rc7+ Kd8 56. Ka7 1-0

[Event "Karnevals-Open"]
[Site "Solingen"]
[Date "2012.02.18"]
[Round "2.36"]
[White "Pitz, Marko"]
[Black "Barche, Robert"]
[Result "1-0"]
[WhiteElo "1690"]
[BlackElo "1037"]
[PlyCount "43"]
[EventDate "2012.??.??"]
[WhiteTeam "Greifswalder SV"]
[BlackTeam "SG Solingen e.V."]

1. d4 d6 2. e4 b6 3. Nf3 Bb7 4. Bd3 Nd7 5. O-O Ngf6 6. Re1 c5 7. e5 dxe5 8.
dxe5 Nd5 9. e6 fxe6 10. Ng5 e5 11. Qh5+ g6 12. Bxg6+ hxg6 13. Qxh8 Qc7 14. Qg8
O-O-O 15. Ne6 Qc6 16. Nxd8 Kxd8 17. f3 Kc7 18. Na3 Nf4 19. Bxf4 exf4 20. Rad1
Bh6 21. Re6 Qa4 22. Rxe7 1-0

[Event "Karnevals-Open"]
[Site "Solingen"]
[Date "2012.02.18"]
[Round "3.1"]
[White "Philippe, Denis-Emanuel"]
[Black "Coenen, Michael"]
[Result "0-1"]
[WhiteElo "2103"]
[BlackElo "2296"]
[PlyCount "54"]
[EventDate "2012.??.??"]
[BlackTeam "SG Hochneukirch"]

1. d4 Nf6 2. Nf3 b6 3. e3 Bb7 4. Bd3 e6 5. O-O c5 6. c4 Be7 7. Nc3 a6 8. Qe2
O-O 9. b3 Re8 10. Bb2 d6 11. Rad1 Nbd7 12. e4 cxd4 13. Nxd4 Bf8 14. Bc2 Qc7 15.
Rd3 d5 16. Rh3 dxc4 17. bxc4 Rac8 18. Bb3 Ne5 19. f4 Nxc4 20. e5 Nxb2 21. exf6
Bc5 22. Qh5 Bxd4+ 23. Kh1 Bxf6 24. Qxh7+ Kf8 25. Ne4 Qxf4 26. Qh8+ Ke7 27.
Qxe8+ Kxe8 0-1

[Event "Karnevals-Open"]
[Site "Solingen"]
[Date "2012.02.18"]
[Round "3.2"]
[White "Conrad, Joachim"]
[Black "Nagel, Bernhard"]
[Result "0-1"]
[WhiteElo "2086"]
[BlackElo "2281"]
[PlyCount "112"]
[EventDate "2012.??.??"]
[WhiteTeam "Velberter SG 192"]
[BlackTeam "Wiesbadener SV 1885"]

1. Nf3 d5 2. d4 Nf6 3. Bf4 e6 4. e3 Bd6 5. Bxd6 Qxd6 6. c3 Nbd7 7. Nbd2 O-O 8.
Bd3 e5 9. dxe5 Nxe5 10. Nxe5 Qxe5 11. Nf3 Qe7 12. O-O Bg4 13. Be2 c6 14. Nd4
Bxe2 15. Nxe2 Ne4 16. Qc2 Rad8 17. Rad1 b5 18. Ng3 f5 19. b3 g6 20. Ne2 Qf6 21.
Rd3 Nd6 22. Rfd1 Rb8 23. Qc1 Rb6 24. Qa3 Rf7 25. Rd4 Re7 26. Rc1 Kf7 27. Rcd1
Qe5 28. Nf4 Ne4 29. Ne2 Nxf2 30. Rf1 Ne4 31. Qc1 Nf6 32. Rf3 c5 33. Rd3 Ra6 34.
Qc2 Qe4 35. Ng3 Qh4 36. Qd2 Rae6 37. Nf1 Qg5 38. Rf4 Qh5 39. Rf3 Qh6 40. Qc2
Re5 41. Qd1 Qf8 42. Rh3 Kg8 43. c4 bxc4 44. bxc4 dxc4 45. Rd8 Re8 46. Rd6 R5e6
47. Rxe6 Rxe6 48. Qc2 Qf7 49. Qxc4 Rc6 50. Qc2 c4 51. Rh4 Ne4 52. Rh3 c3 53.
Rf3 Qc4 54. Ng3 Rb6 55. Nxe4 fxe4 56. Rf4 Qd3 0-1

[Event "Karnevals-Open"]
[Site "Solingen"]
[Date "2012.02.18"]
[Round "3.3"]
[White "Wolter, Kai"]
[Black "Jakob, Matthias"]
[Result "1-0"]
[WhiteElo "2240"]
[BlackElo "2005"]
[PlyCount "103"]
[EventDate "2012.??.??"]
[WhiteTeam "SK Münster 32 e.V."]
[BlackTeam "Sportgemeinschaft Kaarst 1912/35"]

1. e4 e6 2. d4 d5 3. exd5 exd5 4. Bd3 Nf6 5. Ne2 c5 6. c3 Nc6 7. O-O Be7 8. Nd2
O-O 9. dxc5 Bxc5 10. Nb3 Bb6 11. Nbd4 Re8 12. h3 a6 13. Bc2 Ne5 14. Ng3 Ng6 15.
Ndf5 Qc7 16. Nd4 Bd7 17. Ba4 Bxa4 18. Qxa4 Qc4 19. Qxc4 dxc4 20. Ndf5 Bc5 21.
Be3 Bxe3 22. Nxe3 b5 23. Rfd1 Rad8 24. a4 Ne5 25. axb5 axb5 26. Rxd8 Rxd8 27.
Ra5 Rb8 28. Ngf5 Nd3 29. Nd4 h6 30. Rxb5 Rxb5 31. Nxb5 Nxb2 32. f3 Nh5 33. Nd5
Kf8 34. g4 Nf6 35. Nxf6 gxf6 36. Kf2 Ke7 37. Ke3 f5 38. gxf5 Nd3 39. Na3 Kf6
40. Nxc4 Ne1 41. Nd6 Ng2+ 42. Ke4 Nh4 43. c4 Ke7 44. c5 f6 45. Kf4 Ng2+ 46. Kg4
Ne1 47. Ne4 Nd3 48. f4 h5+ 49. Kxh5 Nxf4+ 50. Kg4 Nd3 51. h4 Kf7 52. Kf3 1-0

[Event "Karnevals-Open"]
[Site "Solingen"]
[Date "2012.02.18"]
[Round "3.5"]
[White "König, Falk"]
[Black "Schwarz, Eduard"]
[Result "1-0"]
[WhiteElo "2147"]
[BlackElo "2002"]
[PlyCount "151"]
[EventDate "2012.??.??"]
[WhiteTeam "SF Vonkeln 1931"]
[BlackTeam "SG Turm Idstein"]

1. e4 e5 2. Nf3 Nc6 3. Bc4 Bc5 4. c3 Nf6 5. b4 Bb6 6. d3 d6 7. a4 a5 8. b5 Ne7
9. Nbd2 O-O 10. Bb3 Ng6 11. Nc4 Bc5 12. Be3 Bxe3 13. Nxe3 Nf4 14. h3 Qe7 15.
Qc2 Be6 16. Bxe6 Nxe6 17. Nf5 Qd7 18. d4 exd4 19. cxd4 Nf4 20. O-O Ng6 21. Rac1
Rac8 22. d5 Rfe8 23. Rfe1 Ne5 24. Nxe5 Rxe5 25. Ng3 c5 26. bxc6 bxc6 27. dxc6
Qc7 28. Qd2 Rce8 29. Red1 Nxe4 30. Nxe4 Rxe4 31. Qxd6 R4e7 32. Qxc7 Rxc7 33.
Rd5 Ra8 34. Rcc5 Kf8 35. Rxa5 Rxa5 36. Rxa5 Rxc6 37. Ra7 Rc2 38. g3 Ra2 39. a5
g6 40. a6 h5 41. h4 Kg7 42. Kg2 Ra3 43. Ra8 Kh7 44. a7 Kg7 45. Kf1 Ra2 46. Ke1
Kf6 47. Kd1 Kf5 48. f3 Kf6 49. Kc1 Ra3 50. Kb2 Ra4 51. Kb3 Ra1 52. Kc4 Ra4+ 53.
Kc5 Ra3 54. g4 Kg7 55. Kd5 g5 56. hxg5 h4 57. f4 h3 58. Rb8 h2 59. Rb1 Rxa7 60.
Rh1 Ra4 61. Ke5 Ra2 62. Ke4 Ra4+ 63. Kf3 Ra2 64. Kg3 Ra3+ 65. Kg2 Ra2+ 66. Kh3
Ra3+ 67. Kh4 Ra2 68. f5 Rb2 69. Kg3 Rb3+ 70. Kxh2 Ra3 71. Rg1 f6 72. g6 Kh6 73.
Rg3 Ra2+ 74. Kg1 Kg5 75. Rg2 Rb2 76. Rxb2 1-0

[Event "Karnevals-Open"]
[Site "Solingen"]
[Date "2012.02.18"]
[Round "3.6"]
[White "Gülsen, Taylan"]
[Black "Bröhl, Stephan"]
[Result "1-0"]
[WhiteElo "1958"]
[BlackElo "2140"]
[PlyCount "73"]
[EventDate "2012.??.??"]
[WhiteTeam "Schachgemeinschaft Niederkassel"]
[BlackTeam "Godesberger SK 1929 e.V."]

1. e4 c6 2. d4 d5 3. Nc3 dxe4 4. Nxe4 Nf6 5. Nxf6+ gxf6 6. Be2 Bf5 7. Bf3 e6 8.
Ne2 Bd6 9. c4 Nd7 10. Bd2 Qc7 11. b4 Bg6 12. Qb3 e5 13. c5 Be7 14. d5 Bxc5 15.
dxc6 bxc6 16. bxc5 Nxc5 17. Qc4 Nd3+ 18. Kf1 O-O 19. Qxc6 Qe7 20. Nc3 Nb4 21.
Qa4 Rad8 22. Bh6 Rfe8 23. Bc6 Nxc6 24. Qxc6 Rc8 25. Qf3 e4 26. Qe3 Qb4 27. Ne2
Red8 28. h4 Rd3 29. Qf4 Qb2 30. Re1 Rc2 31. g4 Qb6 32. Ng1 Qb2 33. h5 Rdd2 34.
Nh3 e3 35. Rxe3 Rc8 36. Kg2 Qb7+ 37. Qf3 1-0

[Event "Karnevals-Open"]
[Site "Solingen"]
[Date "2012.02.18"]
[Round "3.7"]
[White "Seger, Rüdiger"]
[Black "Probst, Andreas"]
[Result "1/2-1/2"]
[WhiteElo "2390"]
[BlackElo "2043"]
[PlyCount "70"]
[EventDate "2012.??.??"]
[WhiteTeam "SG Trier"]
[BlackTeam "Düsseldorfer SK 14/25 e."]

1. e4 c5 2. c3 b6 3. Nf3 Bb7 4. Bd3 Qc7 5. O-O e6 6. Re1 c4 7. Bf1 g6 8. b3
cxb3 9. axb3 d6 10. d4 Nd7 11. c4 Be7 12. Nc3 Ngf6 13. Ba3 Rd8 14. Qc2 h5 15.
Rad1 h4 16. Bc1 Rc8 17. Bd2 Qb8 18. Qd3 Qa8 19. Ng5 e5 20. Nd5 Qb8 21. Nxe7
Kxe7 22. Bb4 Rcd8 23. f4 Nc5 24. Qc2 exd4 25. Rxd4 Kf8 26. Bc3 h3 27. g3 Qc8
28. Red1 Qc6 29. Rd5 Nxd5 30. exd5 Qd7 31. b4 Na4 32. Bd4 b5 33. Ra1 Rc8 34.
Bd3 Qc7 35. Bf1 Qd7 1/2-1/2

[Event "Karnevals-Open"]
[Site "Solingen"]
[Date "2012.02.18"]
[Round "3.8"]
[White "Peters, Alex"]
[Black "Schmidt, Kai-Uwe"]
[Result "1-0"]
[WhiteElo "2208"]
[BlackElo "2031"]
[PlyCount "105"]
[EventDate "2012.??.??"]
[WhiteTeam "Brühler SK 1920 e.V."]
[BlackTeam "Klub Kölner SF e.V. 1"]

1. e3 g6 2. b3 Bg7 3. d4 d6 4. Bb2 Nd7 5. Nf3 Ngf6 6. Nbd2 O-O 7. h3 c5 8. Be2
Qc7 9. O-O cxd4 10. exd4 Nd5 11. Re1 N7f6 12. Bf1 Bf5 13. c3 Nxc3 14. Qc1 Rac8
15. Qxc3 Qxc3 16. Bxc3 Rxc3 17. Rxe7 Bd7 18. Nc4 Bxh3 19. Nxd6 Be6 20. Rxb7 Bd5
21. Rxa7 Bxf3 22. Nb5 Rc2 23. gxf3 Nd5 24. Rd7 Nf4 25. a4 Rb2 26. Bc4 Nh3+ 27.
Kh2 Nxf2 28. Kg3 Rd2 29. Rf1 Nd1 30. Re1 Bh6 31. Re2 Ne3 32. Rxd2 Nf5+ 33. Kf2
Bxd2 34. Ke2 Bf4 35. Kd3 h5 36. Ke4 Bg3 37. Nc7 Bxc7 38. Rxc7 h4 39. Bb5 h3 40.
Rc2 Kg7 41. Rh2 Rh8 42. d5 Kf6 43. Bd7 Rb8 44. Bxf5 gxf5+ 45. Kd4 Rxb3 46. Rxh3
Rb4+ 47. Kc5 Rxa4 48. Rh6+ Ke5 49. d6 Ra1 50. d7 Rc1+ 51. Kb6 Rd1 52. Kc7 Rc1+
53. Rc6 1-0